000 00880 a2200217 4500
010 _aENG-88931
020 _a9788178298405
_c950.00
035 _aEN-72464
037 _bDBAD / PUB
082 1 4 _a004.16
090 _c9670
_d9670
245 1 _aDigital review of Asia Pacific 2007-2008 :
_breports on 31 economies, 2 sub-regional associations /
_cedited by Felix Librero
246 3 0 _aAsia Pacific
250 _a3rd ed.
260 _aNew Delhi
_bSage Publications : Orbicom and the International Development Research Centre
_c2008
300 _axv, 373p.;
_c30 cm (pbk)
500 _aLatest issue consulted: 2005/2006.
710 2 _aUnited Nations Development Programme (Malaysia).
_bAsia-Pacific Development Information Programme.
942 _adpl
_cEN
_k004.16 / DIG
999 _c9495
_d9495